<?xml version="1.0" encoding="UTF-8"?><?xml-stylesheet type="text/xsl" href="static/style.xsl"?><OAI-PMH xmlns="http://www.openarchives.org/OAI/2.0/" xmlns:xsi="http://www.w3.org/2001/XMLSchema-instance" xsi:schemaLocation="http://www.openarchives.org/OAI/2.0/ http://www.openarchives.org/OAI/2.0/OAI-PMH.xsd"><responseDate>2026-04-17T20:33:53Z</responseDate><request verb="GetRecord" identifier="oai:www.recercat.cat:2117/414790" metadataPrefix="marc">https://recercat.cat/oai/request</request><GetRecord><record><header><identifier>oai:recercat.cat:2117/414790</identifier><datestamp>2025-07-24T18:12:26Z</datestamp><setSpec>com_2072_1033</setSpec><setSpec>col_2072_452951</setSpec></header><metadata><record xmlns="http://www.loc.gov/MARC21/slim" xmlns:dcterms="http://purl.org/dc/terms/" xmlns:xsi="http://www.w3.org/2001/XMLSchema-instance" xmlns:doc="http://www.lyncode.com/xoai" xsi:schemaLocation="http://www.loc.gov/MARC21/slim http://www.loc.gov/standards/marcxml/schema/MARC21slim.xsd">
   <leader>00925njm 22002777a 4500</leader>
   <datafield ind2=" " ind1=" " tag="042">
      <subfield code="a">dc</subfield>
   </datafield>
   <datafield ind2=" " ind1=" " tag="720">
      <subfield code="a">Montmany Surroca, Oriol</subfield>
      <subfield code="e">author</subfield>
   </datafield>
   <datafield ind2=" " ind1=" " tag="260">
      <subfield code="c">2024-07-22</subfield>
   </datafield>
   <datafield ind2=" " ind1=" " tag="520">
      <subfield code="a">L’estudi realitzat en aquest Treball de Final de Grau (TFG) examina l’eficiència dels&#xd;
autobusos elèctrics mitjançant l’anàlisi de dades reals. L´atenció se centra principalment&#xd;
en dues línies d´autobús de Barcelona: l´H12 i la H16. A través d'una anàlisi detallada&#xd;
d'aquestes línies, l'estudi pretén comprendre les característiques operatives i les mètriques&#xd;
de rendiment dels autobusos elèctrics en comparació amb els tradicionals de Gas Natural&#xd;
Comprimit (GNC). S'examinen variables operatives com ara posició, velocitat i consum&#xd;
d'energia. A més, es fa una anàlisi de costos incloent combustible, adquisició, conductors,&#xd;
manteniment, infraestructura i emissions. Els resultats destaquen els avantatges en&#xd;
reducció d'emissions dels autobusos elèctrics, encara que presenten més costos inicials.&#xd;
L'estudi conclou amb el reconeixement del vehicle elèctric com a alternativa de present i&#xd;
futur en el camp de la mobilitat.</subfield>
   </datafield>
   <datafield ind2=" " ind1=" " tag="520">
      <subfield code="a">El estudio realizado en este Trabajo de Final de Grado (TFG) examina la eficiencia de los&#xd;
autobuses eléctricos mediante el análisis de datos reales. La atención se centra&#xd;
principalmente en dos líneas de autobús de Barcelona: la H12 y la H16. A través de un&#xd;
análisis detallado de estas líneas, el estudio pretende comprender las características&#xd;
operativas y métricas de rendimiento de los autobuses eléctricos en comparación con los&#xd;
tradicionales de Gas Natural Comprimido (GNC). Se examinan variables operativas&#xd;
como posición, velocidad y consumo de energía. Además, se realiza un análisis de costos&#xd;
incluyendo combustible, adquisición, conductores, mantenimiento, infraestructura y&#xd;
emisiones. Los resultados destacan las ventajas en reducción de emisiones de los&#xd;
autobuses eléctricos, aunque presentan mayores costos iniciales. El estudio concluye con&#xd;
el reconocimiento del vehículo eléctrico como una alternativa de presente y futuro en el&#xd;
campo de la movilidad.</subfield>
   </datafield>
   <datafield ind2=" " ind1=" " tag="520">
      <subfield code="a">The study carried out in this Final Year Project (TFG) examines the efficiency of electric&#xd;
buses through the analysis of real data. The focus is mainly on two Barcelona bus lines:&#xd;
H12 and H16. Through a detailed analysis of these lines, the study aims to understand the&#xd;
operational characteristics and performance metrics of electric buses compared to&#xd;
traditional Compressed Natural Gas (CNG) buses. Operational variables such as position,&#xd;
speed and energy consumption are examined. In addition, a cost analysis is carried out&#xd;
including fuel, acquisition, drivers, maintenance, infrastructure and emissions. The results&#xd;
highlight the advantages in reducing emissions of electric buses, although they have&#xd;
higher initial costs. The study concludes with the recognition of electric vehicle as an&#xd;
alternative for the present and future of mobility.</subfield>
   </datafield>
   <datafield tag="653" ind2=" " ind1=" ">
      <subfield code="a">Àrees temàtiques de la UPC::Enginyeria civil::Infraestructures i modelització dels transports::Transport urbà</subfield>
   </datafield>
   <datafield tag="653" ind2=" " ind1=" ">
      <subfield code="a">Àrees temàtiques de la UPC::Enginyeria civil::Impacte ambiental</subfield>
   </datafield>
   <datafield tag="653" ind2=" " ind1=" ">
      <subfield code="a">Buses, Electric</subfield>
   </datafield>
   <datafield tag="653" ind2=" " ind1=" ">
      <subfield code="a">Sustainable transport</subfield>
   </datafield>
   <datafield tag="653" ind2=" " ind1=" ">
      <subfield code="a">Bus</subfield>
   </datafield>
   <datafield tag="653" ind2=" " ind1=" ">
      <subfield code="a">H12</subfield>
   </datafield>
   <datafield tag="653" ind2=" " ind1=" ">
      <subfield code="a">H16</subfield>
   </datafield>
   <datafield tag="653" ind2=" " ind1=" ">
      <subfield code="a">elèctric</subfield>
   </datafield>
   <datafield tag="653" ind2=" " ind1=" ">
      <subfield code="a">GNC</subfield>
   </datafield>
   <datafield tag="653" ind2=" " ind1=" ">
      <subfield code="a">Autobusos elèctrics</subfield>
   </datafield>
   <datafield tag="653" ind2=" " ind1=" ">
      <subfield code="a">Mobilitat sostenible</subfield>
   </datafield>
   <datafield ind2="0" ind1="0" tag="245">
      <subfield code="a">Estudi de l'eficiència del bus elèctric mitjançant l'anàlisis de dades reals</subfield>
   </datafield>
</record></metadata></record></GetRecord></OAI-PMH>